<?xml version="1.0" encoding="UTF-8"?>
<marc:record xmlns:marc="http://www.loc.gov/MARC21/slim">
   <marc:leader>00000nam a2200000 a 4500</marc:leader>
   <marc:datafield ind1="1" ind2=" " tag="100">
      <marc:subfield code="a">Heller, Barbara</marc:subfield>
      <marc:subfield code="4">aut</marc:subfield>
      <marc:subfield code="e">Verfasser/-in</marc:subfield>
   </marc:datafield>
   <marc:datafield ind1=" " ind2=" " tag="653">
      <marc:subfield code="a">Bilderbuch</marc:subfield>
   </marc:datafield>
   <marc:datafield ind1=" " ind2=" " tag="653">
      <marc:subfield code="a">Entdecker</marc:subfield>
   </marc:datafield>
   <marc:datafield ind1="0" ind2="0" tag="245">
      <marc:subfield code="a">Licht an! Mein großes Entdeckerbuch</marc:subfield>
   </marc:datafield>
   <marc:datafield ind1="0" ind2="0" tag="245">
      <marc:subfield code="b">Bilderbuch ab 4 Jahren</marc:subfield>
   </marc:datafield>
   <marc:datafield ind1=" " ind2="1" tag="264">
      <marc:subfield code="b">Bibliographisches Institut</marc:subfield>
      <marc:subfield code="c">2010</marc:subfield>
   </marc:datafield>
   <marc:datafield ind1="1" ind2=" " tag="490">
      <marc:subfield code="a">Licht an! Meyers kleine Kinderbibliothek</marc:subfield>
   </marc:datafield>
   <marc:datafield ind1="1" ind2=" " tag="520">
      <marc:subfield code="a">In der spannenden Sachbilderbuchreihe "Meyers kleine Kinderbibliothek - Licht an!" entdecken Kinder ab 4 Jahren, was normalerweise im Dunkeln liegt. In diesem großen Entdeckerbuch der erfolgreichen Sachbuchreihe mit der Taschenlampe sind Kinder den Geheimnissen der Dunkelheit auf der Spur. Mit der beiliegenden Taschenlampe aus Papier können die kleinen Entdecker gezielt bunte Szenen unter den nachtschwarzen Entdeckerfolien beleuchten und in verborgene Welten eintauchen. So begleiten Spürnasen ab 4 Jahren zum Beispiel Fledermaus, Katze und Igel auf ihrem nächtlichen Streifzug, tauchen hinab zu den Tiefseefischen, erforschen die Planeten im Weltall oder erkunden die nächtliche Stadt. *Amazon.de*</marc:subfield>
   </marc:datafield>
   <marc:datafield ind1=" " ind2=" " tag="020">
      <marc:subfield code="a">9783411070787</marc:subfield>
      <marc:subfield code="9">9783411070787</marc:subfield>
   </marc:datafield>
</marc:record>
